000 00444nam a22001937a 4500
003 bpm
005 20260421085706.0
008 260421b |||||||| |||| 00| p spa d
024 _aS. C. C. / M. C. y E. M.:
040 _aAR-CtUCP
041 _aspa
080 _aCDU
100 _aZimerman Yani
245 _aCuando hablemos de amor
260 _aCorrientes
_c1986
650 _aLiteratura - Poesía
942 _cLIB
999 _c76672
_d76672